Квантово-химические расчеты сернистых соединений нефтяных фракций; Химия и химическая технология в XXI веке; Т. 2

Manylion Llyfryddiaeth
Parent link:Химия и химическая технология в XXI веке: материалы XXIII Международной научно-практической конференции студентов и молодых ученых имени выдающихся химиков Л. П. Кулёва и Н. М. Кижнера, Томск, 16-19 мая 2022 г./ Национальный исследовательский Томский политехнический университет (ТПУ); Инженерная школа природных ресурсов; Инженерная школа новых производственных технологий; Исследовательская школа химических и биомедицинских технологий..— , 2022
Т. 2.— 2022.— [С. 25-26]
Prif Awdur: Айдаров С. Б.
Awdur Corfforaethol: Национальный исследовательский Томский политехнический университет Инженерная школа природных ресурсов Отделение химической инженерии
Awduron Eraill: Митянина О. Е. Ольга Евгеньевна (научный руководитель), Самборская М. А. Марина Анатольевна
Crynodeb:Заглавие с титульного экрана
Iaith:Rwseg
Cyhoeddwyd: 2022
Cyfres:Технология и моделирование процессов подготовки и переработки углеводородного сырья
Pynciau:
Mynediad Ar-lein:http://earchive.tpu.ru/handle/11683/72511
Fformat: Electronig Pennod Llyfr
KOHA link:https://koha.lib.tpu.ru/cgi-bin/koha/opac-detail.pl?biblionumber=634359

MARC

LEADER 00000naa2a2200000 4500
001 634359
005 20240303151745.0
035 |a (RuTPU)RU\TPU\conf\36144 
035 |a RU\TPU\conf\36057 
090 |a 634359 
100 |a 20220527d2022 k y0rusy50 ca 
101 0 |a rus 
102 |a RU 
105 |a y z 101zy 
135 |a drgn ---uucaa 
181 0 |a i  
182 0 |a b 
200 1 |a Квантово-химические расчеты сернистых соединений нефтяных фракций  |f С. Б. Айдаров, О. Е. Митянина  |g науч. рук. М. А. Самборская 
203 |a Текст  |c электронный 
225 1 |a Технология и моделирование процессов подготовки и переработки углеводородного сырья 
300 |a Заглавие с титульного экрана 
320 |a [Библиогр.: с. 26 (4 назв.)] 
461 1 |0 (RuTPU)RU\TPU\conf\36040  |t Химия и химическая технология в XXI веке  |o материалы XXIII Международной научно-практической конференции студентов и молодых ученых имени выдающихся химиков Л. П. Кулёва и Н. М. Кижнера, Томск, 16-19 мая 2022 г.  |o в 2 т.  |f Национальный исследовательский Томский политехнический университет (ТПУ); Инженерная школа природных ресурсов; Инженерная школа новых производственных технологий; Исследовательская школа химических и биомедицинских технологий.  |d 2022 
463 1 |0 (RuTPU)RU\TPU\conf\36042  |t Т. 2  |v [С. 25-26]  |d 2022 
610 1 |a труды учёных ТПУ 
610 1 |a электронный ресурс 
610 1 |a квантово-химические расчеты 
610 1 |a сернистые соединения 
610 1 |a нефтяные фракции 
610 1 |a нефтепродукты 
610 1 |a тяжелые нефти 
610 1 |a акватермолиз 
610 1 |a маловязкие нефти 
700 1 |a Айдаров  |b С. Б. 
701 1 |a Митянина  |b О. Е.  |c химик-технолог  |c доцент Томского политехнического университета, кандидат технических наук  |f 1986-  |g Ольга Евгеньевна  |y Томск  |3 (RuTPU)RU\TPU\pers\28709  |9 13506 
702 1 |a Самборская  |b М. А.  |c химик-технолог  |c доцент Томского политехнического университета, кандидат химических наук  |f 1960-  |g Марина Анатольевна  |4 727 
712 0 2 |a Национальный исследовательский Томский политехнический университет  |b Инженерная школа природных ресурсов  |b Отделение химической инженерии  |3 (RuTPU)RU\TPU\col\23513 
801 2 |a RU  |b 63413507  |c 20220704  |g RCR 
856 4 |u http://earchive.tpu.ru/handle/11683/72511 
942 |c BK